书目信息 |
| 题名: |
钪稀土元素
|
|
| 作者: | 易宪武 著 | |
| 分册: | ||
| 出版信息: | 北京 科学出版社 1992.01 |
|
| 页数: | 735页 | |
| 开本: | 32开 | |
| 丛书名: | ||
| 单 册: | ||
| 中图分类: | D612.3 , O614.32 | |
| 科图分类: | ||
| 主题词: | 无机化学 | |
| 电子资源: | ||
| ISBN: | 7-03-002323-4 | |
| 000 | 00559nam0 2200205 45 | |
| 001 | 1009050131 | |
| 005 | 20181115094528.74 | |
| 010 | @a7-03-002323-4@d47.00元 | |
| 100 | @a20100905d1992 km y0chiy0120 ea | |
| 101 | 0 | @achi |
| 105 | @a z 000yy | |
| 200 | 1 | @a钪稀土元素@AKang Xi Tu Yuan Su@f易宪武等著@FYi Xian Wu Deng Zhu |
| 210 | @a北京@c科学出版社@d1992.01 | |
| 215 | @a735页@d32开 | |
| 606 | 0 | @a无机化学 |
| 690 | @aD612.3@v3 | |
| 690 | @aO614.32@v4 | |
| 701 | 0 | @a易宪武@4著 |
| 801 | @aCN@bPftUser@c20100905 | |
| 905 | @dO614.32@eY557@b301287-288@f2 | |
| 钪稀土元素/易宪武等著.-北京:科学出版社,1992.01 |
| 735页;32开 |
| ISBN 7-03-002323-4:47.00元 |
| ● |
| 相关链接 |
|
|
|
正题名:钪稀土元素
索取号:O614.32/Y557
 
预约/预借
| 序号 | 登录号 | 条形码 | 馆藏地/架位号 | 状态 | 备注 |
| 1 | 301287 | 203012872 | 自科库401/401自科库 62排2列2层/ [索取号:O614.32/Y557] | 在馆 | |
| 2 | 301288 | 203012881 | 自科库401/401自科库 62排2列2层/ [索取号:O614.32/Y557] | 在馆 |